| 000 | 00388nam a2200157Ia 4500 | ||
|---|---|---|---|
| 003 | OSt | ||
| 005 | 20240330104642.0 | ||
| 008 | 170524s9999 xx 000 0 und d | ||
| 020 | _a978-9350244548 | ||
| 040 | _ciimtu meerut | ||
| 100 | _aDesai-V | ||
| 100 | _c2005 | ||
| 245 | 0 | _aDynamics of Entrepreneurial Development and Management | |
| 260 | _aHIMALAYA PUBLICATION | ||
| 942 |
_2ddc _c02 |
||
| 999 |
_c2315 _d2315 |
||